311 municipios de la provincia de Barcelona en red [Enregistrament de vídeo] / Diputació de Barcelona, xarxa de municipis.
Publicado:
[Barcelona] :
Barcelona. Diputació. Xarxa de Municipis : MMM. Més i millor per als municipis ,
2001
Descripción Física:
1 videocasset (VHS) 5 min. : col. : so.
Otros Autores:
MMM. Més i millor per als municipis
MARC
| LEADER | 00000nam a2200000Ia 4500 | ||
|---|---|---|---|
| 001 | 19690 | ||
| 008 | 160829s2001 xx 000 0 cat d | ||
| 080 | |a VID-7 | ||
| 110 | 1 | |a Barcelona (Catalunya : Província). |b Diputació |9 52408 | |
| 245 | |a 311 municipios de la provincia de Barcelona en red [Enregistrament de vídeo] / Diputació de Barcelona, xarxa de municipis. | ||
| 260 | |a [Barcelona] : |b Barcelona. Diputació. Xarxa de Municipis : |b MMM. Més i millor per als municipis, |c 2001 | ||
| 300 | |a 1 videocasset (VHS) 5 min. : |b col. : |b so. | ||
| 610 | 1 | 0 | |a Barcelona (Catalunya : Província). |b Diputació |9 52408 |
| 700 | |a MMM. Més i millor per als municipis |9 43025 | ||
| 901 | |a Arxiu | ||
| 942 | |n 1 | ||
| 952 | |0 0 |1 0 |4 0 |6 VID7 |7 1 |9 51138 |a Arxiu |b Arxiu |d 2016-12-01 |l 0 |o VID-7 |p 19690 |r 2016-12-01 00:00:00 |w 2016-12-01 |y ARXIU | ||
| 999 | |c 54981 |d 54981 | ||